[Event "European Senior Team Championship 2021"]
[Site "Don Giovanni hotel, Vinohradska 2733, Prague, Czech Republic"]
[Date "2021.09.01"]
[Round "3"]
[Board "3"]
[White "Pribylova, Ruzena"]
[Black "Konvalinka, Vladislav"]
[Result "0-1"]
[WhiteElo "1810"]
[BlackElo "1718"]
[PlyCount "0"]
[EventDate "2021.08.30"]
[EventType "team"]
[EventRounds "9"]
[EventCountry "ECX"]
[WhiteTeam "CZECH REPUBLIC WOMEN"]
[BlackTeam "OLDEST BOYS"]

1. e4 {[%clk 1:30:56]} Nf6 {[%clk 1:30:49]} 2. e5 {[%clk 1:31:16]} Nd5
{[%clk 1:31:12]} 3. c4 {[%clk 1:31:22]} Nb6 {[%clk 1:31:37]} 4. d4
{[%clk 1:31:29]} d6 {[%clk 1:31:59]} 5. Nf3 {[%clk 1:28:20]} Bg4 {[%clk 1:31:52]}
6. exd6 {[%clk 1:28:28]} exd6 {[%clk 1:32:02]} 7. Be2 {[%clk 1:23:07]} Be7
{[%clk 1:32:08]} 8. Nbd2 {[%clk 1:22:21]} O-O {[%clk 1:29:34]} 9. O-O
{[%clk 1:22:08]} Re8 {[%clk 1:27:30]} 10. d5 {[%clk 1:21:12]} Bf6
{[%clk 1:26:35]} 11. Re1 {[%clk 1:20:44]} N8d7 {[%clk 1:26:06]} 12. h3
{[%clk 1:14:09]} Bh5 {[%clk 1:25:45]} 13. Kf1 {[%clk 1:09:44]} Bg6
{[%clk 1:19:22]} 14. Nb3 {[%clk 1:08:47]} Ne5 {[%clk 1:17:16]} 15. Nxe5
{[%clk 1:08:28]} Bxe5 {[%clk 1:12:59]} 16. Nd4 {[%clk 1:08:24]} Qf6
{[%clk 1:06:41]} 17. Be3 {[%clk 1:08:22]} Bf4 {[%clk 1:06:23]} 18. Bxf4
{[%clk 1:05:23]} Qxf4 {[%clk 1:06:45]} 19. g3 {[%clk 0:59:05]} Qe4
{[%clk 0:58:33]} 20. Kg1 {[%clk 0:58:52]} Kf8 {[%clk 0:55:24]} 21. Qd2
{[%clk 0:56:40]} Qe7 {[%clk 0:49:58]} 22. b3 {[%clk 0:53:22]} a6 {[%clk 0:47:41]}
23. Bd3 {[%clk 0:44:22]} Qf6 {[%clk 0:47:01]} 24. Bxg6 {[%clk 0:40:13]} hxg6
{[%clk 0:47:18]} 25. f4 {[%clk 0:38:06]} Nd7 {[%clk 0:46:21]} 26. b4
{[%clk 0:36:42]} Nb6 {[%clk 0:40:06]} 27. Rac1 {[%clk 0:32:41]} Rxe1+
{[%clk 0:38:14]} 28. Rxe1 Nxc4 29. Qc3 {[%clk 0:29:30]} Nb6 {[%clk 0:32:21]} 30.
Ne6+ {[%clk 0:25:50]} fxe6 {[%clk 0:31:43]} 31. Qxf6+ {[%clk 0:26:10]} gxf6
{[%clk 0:32:03]} 32. dxe6 {[%clk 0:26:30]} Ke7 {[%clk 0:31:20]} 33. Kf2
{[%clk 0:25:58]} Nd5 {[%clk 0:31:21]} 34. a3 {[%clk 0:26:05]} Rh8
{[%clk 0:30:36]} 35. h4 {[%clk 0:25:58]} f5 {[%clk 0:30:34]} 36. Kf3
{[%clk 0:25:22]} Nf6 {[%clk 0:30:45]} 37. a4 {[%clk 0:24:10]} Ne4
{[%clk 0:30:52]} 38. b5 {[%clk 0:24:20]} axb5 {[%clk 0:31:12]} 39. axb5
{[%clk 0:24:48]} Kxe6 {[%clk 0:31:30]} 40. Rc1 {[%clk 0:25:08]} Kd7
{[%clk 0:31:36]} 41. Ra1 {[%clk 0:24:55]} Nf6 {[%clk 0:31:02]} 42. Ra7
{[%clk 0:24:49]} b6 {[%clk 0:31:17]} 43. Ra2 {[%clk 0:23:48]} Re8
{[%clk 0:31:22]} 44. Rd2 {[%clk 0:23:08]} Ra8 {[%clk 0:30:29]} 45. Rd3
{[%clk 0:23:08]} Ra5 {[%clk 0:29:59]} 46. Rb3 {[%clk 0:23:27]} d5
{[%clk 0:29:56]} 47. Ke3 {[%clk 0:23:33]} Kd6 {[%clk 0:30:11]} 48. Kd4
{[%clk 0:22:41]} Ra4+ {[%clk 0:30:12]} 49. Ke3 {[%clk 0:21:36]} d4+
{[%clk 0:26:36]} 50. Kf3 {[%clk 0:19:18]} Kc5 {[%clk 0:24:40]} 51. Rb2
{[%clk 0:18:44]} Ra3+ {[%clk 0:24:58]} 52. Kg2 {[%clk 0:19:05]} d3
{[%clk 0:25:08]} 53. Rb1 {[%clk 0:19:02]} d2 {[%clk 0:25:18]}  0-1

[Event "European Senior Team Championship 2021"]
[Site "Don Giovanni hotel, Vinohradska 2733, Prague, Czech Republic"]
[Date "2021.09.01"]
[Round "3"]
[Board "4"]
[White "Lacha, Jan"]
[Black "Sunkova, Marie"]
[Result "1/2-1/2"]
[WhiteElo "1825"]
[BlackElo "1813"]
[PlyCount "0"]
[EventDate "2021.08.30"]
[EventType "team"]
[EventRounds "9"]
[EventCountry "ECX"]
[WhiteTeam "OLDEST BOYS"]
[BlackTeam "CZECH REPUBLIC WOMEN"]

1. d4 {[%clk 1:30:56]} d5 {[%clk 1:30:50]} 2. Nc3 {[%clk 1:31:19]} Nf6
{[%clk 1:30:33]} 3. Bg5 {[%clk 1:31:34]} Bf5 {[%clk 1:28:12]} 4. e3
{[%clk 1:23:15]} e6 {[%clk 1:27:58]} 5. Bd3 {[%clk 1:23:30]} Bg6 {[%clk 1:27:05]}
6. Bxg6 {[%clk 1:14:41]} hxg6 {[%clk 1:27:08]} 7. Qd3 {[%clk 1:14:08]} Be7
{[%clk 1:26:50]} 8. Qb5+ {[%clk 1:11:17]} Nbd7 {[%clk 1:24:09]} 9. Nf3
{[%clk 1:04:50]} Rb8 {[%clk 1:22:10]} 10. Bf4 {[%clk 0:51:42]} O-O
{[%clk 1:20:28]} 11. Qd3 {[%clk 0:50:28]} a6 {[%clk 1:18:33]} 12. O-O
{[%clk 0:47:32]} Rc8 {[%clk 1:14:25]} 13. Ne5 {[%clk 0:37:54]} c5
{[%clk 1:05:05]} 14. Nxd7 {[%clk 0:37:20]} Qxd7 {[%clk 1:03:57]} 15. dxc5
{[%clk 0:35:38]} Rxc5 {[%clk 1:01:17]} 16. Rad1 {[%clk 0:33:44]} Qc8
{[%clk 0:53:02]} 17. Rd2 {[%clk 0:28:33]} Rd8 {[%clk 0:51:18]} 18. Qe2
{[%clk 0:28:22]} Qc6 {[%clk 0:47:46]} 19. Be5 {[%clk 0:27:39]} Bd6
{[%clk 0:41:40]} 20. Bd4 {[%clk 0:26:28]}  1/2-1/2